MDQL
is popping MORE tags! Check the
thread
!
Quizzes
Events
Quiz Creation
Community
Videos
Private Events
Remove Ads
Sign In
Join for FREE
Feedback
Dark Mode
Quiz Categories
Sports
Geography
Music
Movies
Television
Just For Fun
Miscellaneous
History
Literature
Language
Science
Gaming
Entertainment
Religion
Holiday
For Kids
Quiz Lab
Recent
Popular Today
Quiz Kudos Today
Editor Picks
Curator Picks
Quizzes by...
Day
Popularity
Type
Ratings
Length
Year
Community
Subscriptions
Recent Discussions
Orange Saloon
Badges
Playlists
Quests
Create
Leaderboards
Showdown
Live 5
Trivia Bingo
Activity
Puzzle Library
Sporcle Events
Private Events
Virtual Trivia
Globe League
Become a Host
Pub Owners
SporcleCon
Opinionation
Our Games
Videos
Blog
Mobile Apps
Partnerships
Remove Ads and Go Orange
Feedback
Entertainment
Celebrity
Famous
Musical
Broadway
Show
Quote
Comic Books
Anime
Superhero
DC Comics
Marvel
Cartoons
Animation
Entertainment
Celebrity
Famous
Musical
Broadway
Show
Quote
Comic Books
Anime
Superhero
DC Comics
Marvel
Cartoons
Animation
Random Quiz
Search Sporcle
×
Quiz Lab
Quiz Lab
Entertainment
Avengers
Type in answers that appear in a list
Type in answers that appear in a list
Classic
Best Score? Go Orange.
Name every Avenger Stats
Can you name the Avengers?
By
bdaniels21
15m
69 Questions
864 Plays
864 Plays
864 Plays
Comments
Comments
Give Quiz Kudos
Give Quiz Kudos
-
- Ratings
hide this ad
Replay
Link that replays current quiz
Next Quiz
Link to next quiz in quiz playlist
You Got
0%
They Got
Avg Score
39%
Avg Friend Score
Upgrade to see
Score Distribution
Jump to the score distribution portion of the page
Score
0/69
Timer
15:00
0
Plays Today
Avenger
% Correct
Iron Man
98.4%
Captain America
95.5%
Hulk
94%
Thor
92.4%
Black Widow
88.8%
Hawkeye
87.7%
Spider-man
86%
Ant Man
80.4%
Black Panther
78.9%
Scarlet Witch
75.1%
Vision
72.3%
Wasp
70.6%
Falcon
67.7%
Captain Marvel
67.6%
Quicksilver
65.2%
War Machine
61.3%
Wolverine
50.1%
Dr. Strange
49.5%
She-Hulk
47.1%
Thing
42.8%
Beast
42.2%
Mr. Fantastic
42%
Ms Marvel
40%
Invisible woman
39.8%
Human Torch I
39.6%
Spider Woman
39.2%
Iron Fist
38.2%
Luke Cage
35.8%
Hercules
35.3%
Wonderman
34.5%
Moon Knight
33.3%
Namor
32.2%
Black Knight
31.8%
Tigra
28.9%
Mantis
28.7%
Avenger
% Correct
Mockingbird
28.4%
Swordsman
28%
28%
US Agent
25%
Captain Britain
24.8%
firestar
24.4%
Crystal
23.7%
Sandman
23.6%
Hellcat
23.4%
Sentry
22.8%
Doctor Druid
22.6%
Moondragon
22.5%
Ares
22.1%
Quasar
21.5%
Sersi
21.3%
Justice
20.8%
Jocasta
20.5%
Starfox
20.4%
Firebird
19.6%
Jack of Hearts
19.6%
Echo
19.4%
Living Lightning
19.3%
Rage
19.2%
Machine man
18.6%
Two-Gun Kid
18.6%
Thunderstrike
18.1%
Stingray
17.9%
SIlverclaw
17.9%
Darkhawk
17.5%
Gilgamesh
16.4%
Stature
15%
Demolition Man
14.7%
Triathlon
14%
deathcry
10.1%
Quiz Playlist
Details
Report
Send in Message
Add To Playlist
Classic:
Type in answers that appear in a list
Last Updated: Feb 16, 2017
Quiz Scoreboard
CHALLENGE
Sign Up to Join the Scoreboard
Show All
Scores
Hide
Comments
May contain spoilers
Recently Published
5x2 Blitz: Bands
by SL_Kpop136
Music
30s
Colored Red Africa Blitz
by spor1
Geography
30s
Find the 'City' Movie
by crazypaving
Movies
60s
More to Explore
Quiz From the Vault
Featured Blog Post
14 Easter Pick-up Lines to Find Eggs With
hide this ad
You Might Also Like...
Tags
Avengers
Today's Top Quizzes in Entertainment
Browse Entertainment
hide this ad
Today's Top Quizzes in Avengers
Browse Avengers
Top Contributed Quizzes in Entertainment
1
Dragon Ball Z: Goku's Fights in Order
2
Marvel Characters Bunker
3
Marvel Classic Character Map
4
Celebrity Spelling Bee
5
This is Your Life: Edward Elric
6
This is Your Life: Itachi Uchiha
7
Dragon Ball Z: Immortal Characters
8
X-Men: 10 to 1
9
Fairy Tail 12-1
10
Finish The Line - Starship (Starkid)
Explore More
Trending Topics
Anime
Marvel
Kpop
NBA
Disney
Crossword
Harry Potter
WWE
The Office
Song
NFL
Country
Puzzle
Soccer
Pokémon
hide this ad
More By:
bdaniels21
Quiz
Plays
Rating
Category
Featured
Created
Name every Avenger
864
4.00
Entertainment
Mar 5, 2010
JLA
684
3.00
Entertainment
Mar 6, 2010
Go to Creator's Profile
Score Distribution
Quiz Creator Spotlight
bdaniels21
Follow
Send a Message
Quizzes Created
-
Created Quiz Play Count
-
More By This Creator
Popular Quizzes Today
1
Find the 'City' Movie
2
Colored Red Africa Blitz
3
Find the US States - No Outlines Minefield
4
5x2 Blitz: Bands
5
The Countries of the World
6
Find the US States
7
US States
8
9x9 Crossword: Cartoon Network
More Entertainment Quizzes
Numbers in Pop Culture
Published
Trending Quizzes
Colored Red Europe Blitz I
Colored Red Africa Blitz II
Colored Red Europe Blitz II
Colored Red Europe Blitz III
Colored Red Africa Blitz III
Recently Updated
Famous TV Couples
Peacemaker
Champions League XIs: Real Madrid
pecheneg
Largest US Cities 1790-2010
pecheneg
Rides in Walt Disney World
pecheneg
Most Oscar Losses (Acting)
pecheneg
Beyoncé Albums
pecheneg
Leaping Animals
pecheneg
Reality TV Shows (A-Z)
bhenderson79
Rickey Henderson's Hall of Fame Teammates
pecheneg
Champions League XIs: Arsenal
pecheneg
Trending Topics
Disney
Kpop
Anime
NBA
Crossword
Marvel
Harry Potter
Country
Song
WWE
NFL
Soccer
The Office
Pokémon
Puzzle
Your Account Isn't Verified!
In order to create a playlist on Sporcle, you need to verify the email address you used during registration. Go to your
Sporcle Settings
to finish the process.
Report this User
Report this user for behavior that violates our
Community Guidelines
.
Details:
Send Report
Go to the Sporcle.com Mobile Site →
Comments